| 000 | 00995nam a2200241Ia 4500 | ||
|---|---|---|---|
| 003 | Ost | ||
| 005 | 20260507075136.0 | ||
| 008 | 260507s9999||||xx |||||||||||||| ||und|| | ||
| 020 | _a6561249960 | ||
| 040 | _cfsecg | ||
| 041 | _aara | ||
| 082 | _a330 | ||
| 100 |
_aريجدا، جورج _eمؤلف |
||
| 245 | 0 |
_aمبادئ إدارة الخطر والتأمين / _c جورج ريجدا |
|
| 260 |
_aالرياض: _bدار المريخ للنشر, _c2006 |
||
| 300 |
_a978 صفحة؛ _bإيضاحات ؛ _c25 سم |
||
| 520 | _aمفاهيم أساسية في إدارة الخطر والتأمين- المبادئ القانونية الأساسية في الخطر والتأمين- إخطار الممتلكات والمسؤولية التجارية. | ||
| 653 | _aإدارة المخاطر | ||
| 653 | _aالأزمات الإقتصادية | ||
| 653 | _aالتأمين - البنوك | ||
| 700 |
_aالبلقيني، محمد توفيق _eمؤلف ثانوي |
||
| 942 | _cكتاب | ||
| 999 |
_c43268 _d43268 |
||